000 00812nam a2200193 4500
005 20160517100222.0
008 010511s1886 us engYA
090 _aBR60.A62
_bSe4s
245 1 0 _aA select library of Nicene and Post-Nicene Fathers of the Christian Church /
_cunder the editorial supervision of Philip Schaff
260 _aMichigan :
_bEerdmans,
_cc1886,
_c1979.
300 _a14 volumes ;
_c25 cm.
505 _aVolumeIV : St Augustin : The writing against the Manichaeans and against the Donatists
650 4 _aApostolic Fathers
_xCollected works
650 4 _aChristian literature, Early
_xCollected works
650 4 _aChurch history
_yPrimitive and early church, ca. 30-600
_xCollected works
650 4 _aFathers of the church
_xCollected works
700 1 _aSchaff, Philip
942 _2lcc
_cBK
999 _c3202
_d3202